[Event "Sofia Gerenski Memorial 2nd"]
[Site "Sofia"]
[Date "2009.03.21"]
[Round "1"]
[White "Porjazov, Petar"]
[Black "Kostov, Nikolai"]
[Result "0-1"]
[WhiteElo "2268"]
[BlackElo "1894"]
[PlyCount "50"]
[EventDate "2009.03.21"]
[EventType "swiss"]
[EventRounds "9"]
[EventCountry "BUL"]
[SourceTitle "CBM 129 Extra"]
[Source "ChessBase"]
[SourceDate "2009.05.05"]
[SourceVersion "2"]
[SourceVersionDate "2009.05.20"]
[SourceQuality "1"]

1. e4 e6 2. d4 d5 3. Nc3 Bb4 4. e5 c5 5. a3 Bxc3+ 6. bxc3 Nc6 7. Nf3 Nge7 8. a4 Qa5 9. Qd2 cxd4 10. cxd4 Qxd2+ 11. Kxd2 0-0 12. Ba3 Rd8 13. Rb1 f6 14. Bd3 h6 15. c3 Kf7 16. g4 fxe5 17. dxe5 Ng6 18. Bd6 b6 19. Ke3 Bb7 20. h4 Na5 21. h5 Ne7 22. Rb4 Nc4+ 23. Bxc4 dxc4 24. Bxe7 Rd3+ 25. Ke2 Bxf3+ 0-1

[Event "BUL-ch Veterans"]
[Site "Sofia"]
[Date "2007.05.06"]
[Round "2"]
[White "Porjazov, Petar"]
[Black "Andreev, Dobrotich"]
[Result "0-1"]
[WhiteElo "2318"]
[BlackElo "2110"]
[PlyCount "60"]
[EventDate "2007.05.05"]
[EventType "swiss"]
[EventRounds "7"]
[EventCountry "BUL"]
[SourceTitle "CBM 118 Extra"]
[Source "ChessBase"]
[SourceDate "2007.07.04"]
[SourceVersion "1"]
[SourceVersionDate "2007.07.04"]
[SourceQuality "1"]

1. e4 c6 2. d4 d5 3. e5 Bf5 4. Ne2 e6 5. Ng3 Bg6 6. h4 h6 7. h5 Bh7 8. Bd3 Bxd3 9. Qxd3 Qa5+ 10. c3 Qa6 11. Qxa6 Nxa6 12. 0-0 Ne7 13. b4 Nc7 14. Nd2 Nc8 15. Nb3 Nb6 16. Na5 Nc4 17. Nxc4 dxc4 18. Bd2 a5 19. bxa5 Rxa5 20. Rfb1 b5 21. Ne4 Ra4 22. Ng3 Be7 23. Nf1 Nd5 24. Ne3 Nf4 25. Nxc4 Ne2+ 26. Kf1 Nxc3 27. Bxc3 Rxc4 28. Rc1 Ba3 29. Rc2 b4 30. Rb1 Rxc3 0-1

[Event "Plovdiv Tringov Memorial"]
[Site "Plovdiv"]
[Date "2007.02.09"]
[Round "7.17"]
[White "Porjazov, Petar"]
[Black "Klasan, Vladimir"]
[Result "0-1"]
[WhiteElo "2160"]
[BlackElo "2276"]
[PlyCount "42"]
[EventDate "2007.02.05"]
[EventType "swiss"]
[EventRounds "9"]
[EventCountry "BUL"]
[SourceTitle "CBM 116 Extra"]
[Source "ChessBase"]
[SourceDate "2007.03.07"]
[SourceVersion "1"]
[SourceVersionDate "2007.03.07"]
[SourceQuality "1"]

1. e4 c5 2. Nc3 d6 3. f4 g6 4. Nf3 Bg7 5. Bb5+ Bd7 6. a4 Nc6 7. d3 Nh6 8. 0-0 0-0 9. Bxc6 Bxc6 10. Qe1 f5 11. Ng5 Qd7 12. Qh4 fxe4 13. dxe4 Qg4 14. Qe1 Nf7 15. h3 Qd7 16. Nf3 b6 17. b3 Qb7 18. Rb1 Nd8 19. Qe3 Ne6 20. g3 Bd4 21. Nxd4 cxd4 0-1

[Event "Plovdiv Tringov Memorial"]
[Site "Plovdiv"]
[Date "2007.02.07"]
[Round "4.18"]
[White "Ivanov, Hristo"]
[Black "Porjazov, Petar"]
[Result "1/2-1/2"]
[WhiteElo "2064"]
[BlackElo "2160"]
[PlyCount "40"]
[EventDate "2007.02.05"]
[EventType "swiss"]
[EventRounds "9"]
[EventCountry "BUL"]
[SourceTitle "CBM 116 Extra"]
[Source "ChessBase"]
[SourceDate "2007.03.07"]
[SourceVersion "1"]
[SourceVersionDate "2007.03.07"]
[SourceQuality "1"]

1. e4 c5 2. Nf3 Nc6 3. Bb5 g6 4. 0-0 Bg7 5. c3 Nf6 6. d4 cxd4 7. cxd4 Nxe4 8. d5 Qb6 9. Na3 Nb8 10. Qe2 Nd6 11. Be3 Qd8 12. Bg5 a6 13. Bd3 f6 14. Bf4 Nf7 15. Rfe1 d6 16. Nc4 Ne5 17. Ncxe5 fxe5 18. Be3 Nd7 19. a4 0-0 20. h4 Nf6 1/2-1/2